00234nam a2200085Ia 4500001000800000005001700008008004100025245005400066260002800120111786520250827004114.0250824s9999 xx 000 0 und d 0aSADRÜŞŞERİA W16 6 cSEZAİ BEKDEMİR bHİKMETEVİ YAYINLARI